Loading...
| Philosophy | 0 | 8 | 1 | 0 | 75 | 46 | 83.75 | 2 | 6 | 0.00 | 0.00 |
| Literature - American | 0 | 5 | 0 | 0 | 50 | 34 | 83.60 | 2 | 4 | 0.00 | 0.00 |
| History - World | 0 | 3 | 0 | 1 | 30 | 110 | 124.67 | 0 | 1 | 0.00 | 0.00 |
| Literature - British | 0 | 3 | 0 | 0 | 30 | 54 | 98.33 | 0 | 1 | 0.00 | 0.00 |
| Literature - World | 0 | 3 | 0 | 1 | 30 | 96 | 125.33 | 0 | 1 | 0.00 | 0.00 |
| Fine Arts - Painting & Sculpture | 0 | 3 | 0 | 0 | 30 | 57 | 89.33 | 0 | 1 | 0.00 | 0.00 |
| Literature - European | 0 | 2 | 0 | 1 | 20 | 121 | 130.00 | 0 | 0 | 0.00 | 0.00 |
| History - American | 0 | 2 | 0 | 0 | 20 | 93 | 95.00 | 0 | 1 | 0.00 | 0.00 |
| History - European | 0 | 2 | 0 | 2 | 20 | 131 | 131.50 | 0 | 0 | 0.00 | 0.00 |
| Fine Arts - Other | 0 | 2 | 0 | 1 | 20 | 77 | 114.00 | 0 | 1 | 0.00 | 0.00 |
| Current Events | 0 | 1 | 0 | 0 | 10 | 115 | 115.00 | 0 | 0 | 0.00 | 0.00 |
| History - Other | 0 | 1 | 0 | 0 | 10 | 128 | 128.00 | 0 | 0 | 0.00 | 0.00 |
| Mythology | 0 | 1 | 0 | 0 | 10 | 54 | 54.00 | 1 | 1 | 0.00 | 0.00 |
| Other Academic | 0 | 1 | 0 | 1 | 10 | 141 | 141.00 | 0 | 0 | 0.00 | 0.00 |
| Religion | 0 | 1 | 0 | 1 | 10 | 136 | 136.00 | 0 | 0 | 0.00 | 0.00 |
| Social Science | 0 | 0 | 1 | 0 | -5 | 0.00 | 0 | 0 | 0.00 | 0.00 |